Sedimentary geology: an introduction to sedimentary rocks and stratigraphy
Uloženo v:
| Hlavní autoři: | , |
|---|---|
| Médium: | Kniha |
| Jazyk: | angličtina |
| Vydáno: |
Nueva York
W. H. Freeman
1999
|
| Vydání: | 3a. ed |
| Témata: | |
| Tagy: |
Přidat tag
Žádné tagy, Buďte první, kdo vytvoří štítek k tomuto záznamu!
|
MARC
| LEADER | 00000nam a2200000 a 4500 | ||
|---|---|---|---|
| 001 | UCO0115 | ||
| 003 | CL-VaPUC | ||
| 008 | 000407e19990000US |||||||||||||||||eng|d | ||
| 082 | 0 | 4 | |a 552.5 |b PRO |2 21 |
| 100 | 0 | |a Prothero, Donald R |e author |9 441130 | |
| 700 | 0 | |a Schwab, Fred |e author |9 441131 | |
| 245 | 1 | 0 | |a Sedimentary geology: an introduction to sedimentary rocks and stratigraphy |
| 250 | |a 3a. ed | ||
| 300 | |a 575 p | ||
| 942 | |c BK | ||
| 945 | |d 20000407 00:00:00 |a vberengu | ||
| 260 | |a Nueva York |b W. H. Freeman |c 1999 | ||
| 650 | 7 | |a ESTRATIGRAFIA |2 CL-VaPUC |9 361507 | |
| 650 | 0 | |a Geología |9 260984 | |
| 650 | 0 | |a Rocas |9 266105 | |
| 650 | 0 | |a Sedimentación |9 261527 | |
| 583 | |a last modification |c 20000407 00:00:00 |k Rodrigo Vera | ||
| 999 | |c 286833 |d 286831 | ||
| 952 | |0 0 |1 0 |4 0 |6 552_500000000000000_PRO_1999 |7 0 |8 CCM |9 333020 |a BIBCUR |b BIBCUR |d 2019-11-20 |i 3605159 |o 552.5 PRO 1999 |p 3605159 |r 2025-04-22 |w 2019-11-20 |y BK_R |k CIM | ||